[Event "GER-ch U10"]
[Site "Willingen"]
[Date "2008.05.11"]
[Round "11"]
[White "Hoppe, Jonas"]
[Black "Baskin, Robert"]
[Result "0-1"]
[WhiteElo "1280"]
[BlackElo "1186"]
[PlyCount "78"]
[EventDate "2008.05.11"]
[EventType "swiss"]
[EventRounds "11"]
[EventCountry "GER"]
[SourceTitle "CBM 124 Extra"]
[Source "ChessBase"]
[SourceDate "2008.07.03"]
[SourceVersion "1"]
[SourceVersionDate "2008.07.03"]
[SourceQuality "1"]

1. e4 e6 2. d4 d5 3. Nc3 Bb4 4. e5 c5 5. Bd2 cxd4 6. Nb5 Bxd2+ 7. Qxd2 Ne7 8. Nd6+ Kf8 9. 0-0-0 Ng6 10. f4 Nc6 11. Nf3 Qa5 12. Qxa5 Nxa5 13. Ng5 f6 14. Nxc8 fxg5 15. Nd6 gxf4 16. Rxd4 Nxe5 17. Rxf4+ Ke7 18. Nb5 a6 19. Nc3 Nac6 20. Be2 g5 21. Rf2 Rhf8 22. Rhf1 b5 23. Rxf8 Rxf8 24. Rxf8 Kxf8 25. Kd2 Ke7 26. Nxb5 axb5 27. Bxb5 Nd4 28. Bd3 Nxd3 29. Kxd3 e5 30. c3 Nc6 31. b4 Kd6 32. a4 h5 33. h3 e4+ 34. Ke3 Ke5 35. a5 Na7 36. g3 h4 37. g4 Nb5 38. a6 Na7 39. b5 Nxb5 0-1

[Event "GER-ch U10"]
[Site "Willingen"]
[Date "2008.05.11"]
[Round "3"]
[White "Hoppe, Jonas"]
[Black "Hartge, Gedeon"]
[Result "1-0"]
[WhiteElo "1280"]
[BlackElo "1064"]
[PlyCount "61"]
[EventDate "2008.05.11"]
[EventType "swiss"]
[EventRounds "11"]
[EventCountry "GER"]
[SourceTitle "CBM 124 Extra"]
[Source "ChessBase"]
[SourceDate "2008.07.03"]
[SourceVersion "1"]
[SourceVersionDate "2008.07.03"]
[SourceQuality "1"]

1. e4 c5 2. c4 e5 3. Nc3 Nc6 4. d3 d6 5. g3 g6 6. Bg2 Bg7 7. Nge2 Nge7 8. 0-0 0-0 9. f4 f5 10. a3 Bd7 11. Rb1 a6 12. b4 Qc8 13. Nd5 fxe4 14. dxe4 Rb8 15. bxc5 dxc5 16. Nb6 Qc7 17. Qxd7 Rfc8 18. Bh3 h6 19. Nxc8 Rxc8 20. Rxb7 Qd8 21. Be6+ Kh7 22. f5 gxf5 23. Bxf5+ Kh8 24. Rd1 Qg8 25. Be6 Qf8 26. Rf1 Qe8 27. Qxe8+ Rxe8 28. Bd7 Rd8 29. Bxc6 Nxc6 30. Rff7 Rd1+ 31. Kf2 1-0